Հովհաննես Թումանյանի ստեղծագործությունները ժամանակի գրաքննադատական մտքի գնահատմամբ ։ (Record no. 533037)
[ view plain ]
| 000 -LEADER | |
|---|---|
| fixed length control field | 01765nam a2200313 a 4500 |
| 003 - CONTROL NUMBER IDENTIFIER | |
| control field | AM-YEHGA |
| 005 - DATE AND TIME OF LATEST TRANSACTION | |
| control field | 20260123115046.0 |
| 008 - FIXED-LENGTH DATA ELEMENTS--GENERAL INFORMATION | |
| fixed length control field | 250204s2024 ai ||||gr|||||001|0|arm|d |
| 020 ## - INTERNATIONAL STANDARD BOOK NUMBER | |
| International Standard Book Number | 978-9939-60-882-2 |
| 040 ## - CATALOGING SOURCE | |
| Original cataloging agency | AM-YEHGA |
| 041 0# - LANGUAGE CODE | |
| Language code of text/sound track or separate title | arm |
| 044 ## - COUNTRY OF PUBLISHING/PRODUCING ENTITY CODE | |
| MARC country code | ai |
| 001 - CONTROL NUMBER | |
| control field | 2007074 |
| 100 1# - MAIN ENTRY--PERSONAL NAME | |
| Personal name | Մնացականյան, Եվա Ժորայի |
| 245 10 - TITLE STATEMENT | |
| Title | Հովհաննես Թումանյանի ստեղծագործությունները ժամանակի գրաքննադատական մտքի գնահատմամբ ։ |
| Remainder of title | [Մենագրություն] / |
| Statement of responsibility, etc. | Ե.Ժ. Մնացականյան ; Խմբագիր՝ Ս. Մուրադյան ; Գրախոսներ՝ Ա. Դոլուխանյան, Լ. Մուրադյան ; ՀՀ ԳԱԱ, Մ. Աբեղյանի անվան գրականության ինստիտուտ. |
| 260 ## - PUBLICATION, DISTRIBUTION, ETC. | |
| Place of publication, distribution, etc. | Երևան : |
| Name of publisher, distributor, etc. | ՎՄՎ-Պրինտ, |
| Date of publication, distribution, etc. | 2024. |
| 300 ## - PHYSICAL DESCRIPTION | |
| Extent | 463 էջ ; |
| Dimensions | 24 սմ. |
| 504 ## - BIBLIOGRAPHY, ETC. NOTE | |
| Bibliography, etc. note | Տողատակում՝ մատենագիտական ծանոթագրություններ։ |
| 504 ## - BIBLIOGRAPHY, ETC. NOTE | |
| Bibliography, etc. note | Գրականության ցանկ՝ էջ 431-441։ |
| 504 ## - BIBLIOGRAPHY, ETC. NOTE | |
| Bibliography, etc. note | Անձնանունների ցանկ՝ էջ 442-461։ |
| 600 14 - SUBJECT ADDED ENTRY--PERSONAL NAME | |
| Personal name | Թումանյան, Հովհաննես, |
| Dates associated with a name | 1869-1923 |
| 650 14 - SUBJECT ADDED ENTRY--TOPICAL TERM | |
| Topical term or geographic name entry element | Հայ գրողներ |
| Form subdivision | Կենսագրություն |
| 650 14 - SUBJECT ADDED ENTRY--TOPICAL TERM | |
| Topical term or geographic name entry element | Հայ գրաքննադատություն |
| 700 1# - ADDED ENTRY--PERSONAL NAME | |
| Personal name | Մուրադյան, Սամվել |
| Relator term | խմբագիր |
| Relationship | edt |
| 9 (RLIN) | 2729 |
| 700 1# - ADDED ENTRY--PERSONAL NAME | |
| Personal name | Դոլուխանյան, Աելիտա |
| Relator term | գրախոս |
| Relationship | rev |
| 9 (RLIN) | 3307 |
| 700 1# - ADDED ENTRY--PERSONAL NAME | |
| Personal name | Մուրադյան, Լաուրա |
| Relator term | գրախոս |
| Relationship | rev |
| 710 2# - ADDED ENTRY--CORPORATE NAME | |
| Corporate name or jurisdiction name as entry element | Հայաստանի Հանրապետության գիտությունների ազգային ակադեմիա ։ |
| Subordinate unit | Մ. Աբեղյանի անվան գրականության ինստիտուտ |
| 942 ## - ADDED ENTRY ELEMENTS (KOHA) | |
| Source of classification or shelving scheme | Universal Decimal Classification |
| Koha item type | Գրքեր / Books |
| Withdrawn status | Lost status | Source of classification or shelving scheme | Damaged status | Not for loan | Collection | Home library | Current library | Date acquired | Total checkouts | Full call number | Barcode | Date last seen | Price effective from | Koha item type | Public note |
|---|---|---|---|---|---|---|---|---|---|---|---|---|---|---|---|
| Universal Decimal Classification | General | Fundamental Scientific Library | Fundamental Scientific Library | 05/02/2025 | AII/112851 | FL0686550 | 05/02/2025 | 05/02/2025 | Գրքեր / Books | 30 Days Loan | |||||
| Universal Decimal Classification | General | Fundamental Scientific Library | Fundamental Scientific Library | 05/02/2025 | AII/112852 | FL0686551 | 05/02/2025 | 05/02/2025 | Գրքեր / Books | 30 Days Loan | |||||
| Universal Decimal Classification | General | Fundamental Scientific Library | Fundamental Scientific Library | 17/11/2025 | AII/113724 | FL0699232 | 17/11/2025 | 05/12/2025 | Գրքեր / Books | 30 Days Loan |
ՀՀ Գիտությունների ազգային ակադեմիայի հիմնարար գիտական գրադարան = Fundamental Scientific Library of NAS RA
All site content, except where otherwise noted, is licensed under a